00832nam a2200241Ia 4500008004100000020001800041040001800059041000800077100002000085245010100105260006500206300001800271490005300289500003200342650002200374650002300396650002400419650002500443650002200468650002100490700003400511765004500545130821s1983 mx gr spa  a968 16 1212 4 aCo-BoUCMbspa00aspa1 aOttavi, Antoine13aLa literatura italiana contemporáneacAntoine Ottavi ; traducción de Beatriz Álvarez Klein aMéxico D.F. (México)bFondo de Cultura Económicac1983 a136 páginas 0aBreviarios del Fondo de Cultura Económicav335 aDonación UCM-C-ARRAYANES. aEnsayos italianos aLiteratura europea aLiteratura italiana aNovelistas italianos aPoesía italiana aPoetas italianos1 aÁlvarez Klein, Beatrizetr.0 tLa littérature italienne contemporaine